Представление документа в формате RUSMARC

ПолеНазваниеЗначение
  Тип записи a
  Библиографический уровень m
001 Контрольный номер RU/CBS_UL/BASE/5553580b88914ce484a3f9c535b8f768
005 Дата корректировки 20260316134536.8
101 Язык документа __
a Язык текста rus
102 Страна публикации __
a Страна публикации RU
200 Заглавие и сведения об ответственности 0_
a Заглавие № 4
210 Выходные данные __
d Дата издания 2026
461 Уровень набора __
1 2001
a Дарья
v № 4
1 210
d 2026
801 Источник записи __
a Страна RU
b Организация МБУК ЦБС г. Ульяновска
g Правила каталогизации RCR
901 Тип документа __
w Контрольный № источника RU/CBS_Ul/BASE/536253558
t Тип документа s
909 Создатель записи __
a Создатель записи lib1